| 000 | 00860nam a22002537a 4500 | ||
|---|---|---|---|
| 005 | 20170123164148.0 | ||
| 010 | _aB-028394 | ||
| 020 | _c275.00 | ||
| 035 | _aB-028394 | ||
| 037 | _aCen Lib / Ret | ||
| 040 |
_aDPL _bPN |
||
| 082 |
_aਓ _bਸਵਰ |
||
| 100 |
_aਸਵਰਨ ਚੰਦਨ _9128788 |
||
| 245 |
_aਤਸਦੀਕ : _cਸਵਰਨ ਚੰਦਨ _bਨਾਵਲ / |
||
| 246 |
_aTasdeek : novel / _bby Swaran Chandan |
||
| 260 |
_aਦਿੱਲੀ _bਆਰਸੀ ਪਬਲਿਸ਼ਰਜ਼ _c2000 |
||
| 270 |
_aਚਾਂਦਨੀ ਚੋਕ _bਦਿੱਲੀ _e110006 |
||
| 300 |
_a342p. _b22cm(Hb) |
||
| 600 |
_aਨਾਵਲ -- ਪੰਜਾਬੀ _9128789 |
||
| 650 |
_aਪੰਜਾਬੀ ਸਾਹਿਤ _9128790 |
||
| 650 |
_aPunjabi Novel _96285 |
||
| 650 |
_aLiterature -- Punjabi _9128791 |
||
| 942 |
_2ddc _cPN _hਓ _mਸਵਰ |
||
| 999 |
_c110127 _d110127 |
||